Les mots de la langue française se terminant par "noir" ou "noire" - Statistiques

Statistiques générales
  • Ce quiz a été pris 175 fois
  • Le résultat moyen est 8 sur 17
Statistiques - réponses
Indice Mot % Correct
couleur noire
99%
sortie de bain peignoir
90%
petit château manoir
88%
cela glisse beaucoup, c'est une vraie ... patinoire
88%
Marat y fut assassiné baignoire
84%
Français originaire d'Algérie pied noir
81%
gâteau aux cerises parfumé au kirsch forêt noire
72%
fourmilier tamanoir
72%
on gave les oies avec cet ustensile entonnoir
56%
on le pose sur la mèche de la bougie éteignoir
33%
installation sanitaire urinoir
29%
ville de la république du Congo Pointe Noire
13%
chauffe-lit bassinoire
8%
sert à récolter le maïs egrenoir
5%
sorte de peigne affinoir
2%
marque de montre minoir
2%
fer servant à gratter superficiellement la soie égratignoir
1%
Aucun quiz correspondant
Distribution des résultats
% des personnes avec chaque résultat
Percentile par nombre de réponses
Votre historique - résultats
Vous n’avez pas pris ce quiz